Mikrobiálna produkcia kyseliny arachidónovej : Obh. 1.9.1993 /

Gespeichert in:
Bibliographische Detailangaben
1. Verfasser: Streďanská, Silvia (Verfasst von)
Format: Manuskript Buch
Sprache:Slowakisch
Veröffentlicht: Bratislava : STU v Bratislave ChtF, 1993
Tags: Tag hinzufügen
Keine Tags, Fügen Sie das erste Tag hinzu!

MARC

LEADER 00000ntm a22000003a 4500
001 stu22280
005 20150617225746.2
008 940218s1993----cs------------------slo-d
040 |a STU  |b slo 
041 0 |a slo 
044 |a cs 
080 |a 547.295.96(043.3) 
080 |a 577.3(043.3) 
100 1 |a Streďanská, Silvia  |4 aut 
245 1 |a Mikrobiálna produkcia kyseliny arachidónovej :  |b Obh. 1.9.1993 /  |c [aut.]Streďanská,Silvia 
260 |a Bratislava :  |b STU v Bratislave ChtF,  |c 1993 
300 |a 139 s :  |b Tab.,grafy,lit 
500 |a Katedra biochemickej technológie 
996 |b CKD272  |c C*KD272  |l CCI  |s A  |a 24  |w stu22280_0001